Ski Resorts in the USA - Statistics

General Stats
  • This quiz has been taken 21 times
  • The average score is 22 of 435
Answer Stats
Hint Answer % Correct
Colorado Aspen
62%
Colorado Vail
52%
Colorado Snowmass
48%
Colorado Breckenridge
43%
Utah Deer Valley
38%
Wyoming Jackson Hole
38%
Colorado Keystone
38%
Utah Snowbird
38%
Colorado Telluride
38%
Utah Alta
33%
Montana Big Sky
33%
Vermont Killington
33%
Utah Park City
33%
Utah Solitude
33%
Vermont Stowe
33%
Idaho Sun Valley
33%
Utah Brighton
29%
California Mammoth Mountain
29%
Colorado Steamboat
29%
Colorado Aspen Highlands
24%
Colorado Beaver Creek
24%
Vermont Jay Peak
24%
California Palisades Tahoe
24%
Utah Powder Mountain
24%
Colorado Winter Park
24%
Alaska Alyeska
19%
North Carolina Beech Mountain
19%
Utah Brian Head
19%
Colorado Copper Mountain
19%
Colorado Crested Butte
19%
Wyoming Grand Targhee
19%
California Heavenly
19%
Colorado Loveland
19%
Utah Snowbasin
19%
West Virginia Snowshoe
19%
Utah The Canyons
19%
Oregon Timberline
19%
Arizona Arizona Snowbowl
14%
Michigan Boyne Mountain
14%
Montana Bridger Bowl
14%
Colorado Buttermilk
14%
Colorado Eldora Mountain
14%
New York Holiday Valley
14%
New York Hunter Mountain
14%
California Kirkwood
14%
Vermont Mad River Glen
14%
Washington Mount Baker
14%
Colorado Powderhorn
14%
Pennsylvania Seven Springs
14%
Maine Sugarloaf
14%
North Carolina Sugar Mountain
14%
Utah Sundance
14%
New Mexico Taos Ski Valley
14%
New Hampshire Wildcat Mountain
14%
Washington 49 Degrees North
10%
North Carolina Appalachian Ski Mountain
10%
Colorado Arapahoe Basin
10%
Pennsylvania Bear Creek
10%
Massachusetts Blue Hills
10%
Ohio Boston Mills Brandywine
10%
Pennsylvania Camelback
10%
North Carolina Cataloochee
10%
Michigan | Washington Crystal Mountain
10%
New Hampshire Dartmouth Skiway
10%
Colorado Echo Mountain
10%
Wisconsin Granite Peak
10%
Wisconsin Little Switzerland
10%
Virginia Massanutten
10%
Oregon Mount Bachelor
10%
Michigan Mount Bohemia
10%
Oregon Mount Hood Meadows
10%
Maine Mount Jefferson
10%
Nevada Mount Rose
10%
California Mount Shasta
10%
Tennessee Ober Gatlinburg
10%
Indiana Perfect North
10%
North Carolina Sapphire Valley
10%
Vermont Smuggler's Notch
10%
Missouri Snow Creek
10%
California Sugar Bowl
10%
Vermont Sugarbush
10%
Maine Sunday River
10%
South Dakota Terry Peak
10%
Wisconsin Trollhaugen
10%
New York Whiteface Mountain
10%
Pennsylvania Whitetail
10%
Virginia Wintergreen
10%
West Virginia Winterplace
10%
Maryland Wisp
10%
Colorado | Utah Wolf Creek
10%
Utah Wolf Mountain
10%
North Carolina Wolf Ridge
10%
Minnesota Afton Alps
5%
Alaska Alpenglow
5%
California Alpine Meadows
5%
Pennsylvania Alpine Mountain
5%
Michigan | Ohio | Wisconsin Alpine Valley
5%
New Mexico Angel Fire
5%
Alaska Arctic Valley
5%
New Hampshire Attitash Mountain
5%
California Bear Mountain
5%
California Bear Valley
5%
Massachusetts Berkshire East
5%
Wyoming Big Horn
5%
Maine | New Hampshire Black Mountain
5%
Pennsylvania Blue Knob
5%
Pennsylvania Blue Mountain
5%
Idaho Bogus Basin
5%
North Dakota Bottineau Winter Park
5%
Massachusetts Bradford
5%
New Hampshire Bretton Woods
5%
Virginia Bryce
5%
Minnesota Buck Hill
5%
Minnesota Buena Vista
5%
West Virginia Canaan Valley
5%
New Hampshire Cannon Mountain
5%
Massachusetts | New York Catamount
5%
Illinois Chestnut Mountain
5%
California China Peak
5%
Alabama Cloudmont
5%
Colorado Cooper
5%
New Hampshire Cranmore Mountain
5%
New Hampshire Crotched Mountain
5%
South Dakota Deer Mountain
5%
Colorado Durango Mountain
5%
Alaska Eaglecrest
5%
Utah Eagle Point
5%
Pennsylvania Elk Mountain
5%
Arizona Elk Ridge
5%
Oregon Ferguson Ridge
5%
Iowa Fun Valley
5%
Minnesota Giants Ridge
5%
New York Gore Mountain
5%
North Carolina Hatley Pointe
5%
North Carolina Hawksnest
5%
Alaska Hilltop
5%
New York Holimont
5%
Oregon Hoodoo
5%
Colorado Howelson Hill
5%
Massachusetts Jiminy Peak
5%
New York Kissing Bridge
5%
Nevada Las Vegas Ski and Snowboard
5%
New Hampshire Loon Mountain
5%
Minnesota Lutsen Mountains
5%
Ohio Mad River Mountain
5%
Connecticut Mohawk Mountain
5%
Colorado Monarch
5%
Montana Montana Snowbowl
5%
Montana Moonlight Basin
5%
Michigan Mount Brighton
5%
Oregon Mount Hood Ski Bowl
5%
Arizona Mount Lemmon
5%
Vermont Mount Snow
5%
Washington Mount Spokane
5%
New Hampshire Mount Sunapee
5%
Massachusetts Nashoba Valley
5%
California Northstar
5%
Michigan Nubs Nob
5%
Vermont Okemo Mountain
5%
New Mexico Pajarito Mountain
5%
Indiana Paoli Peaks
5%
New Hampshire Pats Peak
5%
New York Peek'n Peak
5%
Connecticut | Minnesota Powder Ridge
5%
Colorado Purgatory
5%
Illinois Raging Buffalo
5%
New Mexico Red River
5%
Maine Saddleback
5%
New Mexico Sandia Peak
5%
New York Sawkill Family Ski Center
5%
California Sierra at Tahoe
5%
Colorado Silverton Mountain
5%
New Mexico Sipapu
5%
New Mexico Ski Apache
5%
Massachusetts Ski Butternut
5%
New Mexico Ski Santa Fe
5%
Massachusetts Ski Ward
5%
Wyoming Snow King
5%
Ohio Snow Trails
5%
California Snow Valley
5%
Idaho Soldier Mountain
5%
Minnesota Spirit Mountain
5%
California Sunrise
5%
Wisconsin Telemark
5%
New Hampshire Tenny Mountain
5%
Michigan The Highlands
5%
Michigan | Virginia The Homestead
5%
West Virginia Timberline Four Seasons
5%
Massachusetts Waschusett Mountain
5%
New Hampshire Waterville Valley
5%
New Hampshire Whaleback Mountain
5%
Montana Whitefish Mountain
5%
Rhode Island Yawgoo Valley
5%
Washington Alpental at the Summit
0%
California Alta Sierra
0%
Minnesota Andes Tower Hill
0%
Wyoming Antelope Butte
0%
Oregon Anthony Lakes
0%
Michigan Apple Mountain
0%
New Hampshire Arrowhead
0%
Vermont Ascutney Mountain
0%
Washington Badger Mountain
0%
Maine Baker Mountain
0%
Idaho Bald Mountain
0%
New Hampshire Balsams Wilderness
0%
Montana Bear Paw Ski Bowl
0%
Utah Beaver Mountain
0%
New York Belleayre
0%
Pennsylvania Big Boulder
0%
Ohio Big Creek
0%
Michigan Big Powderhorn Mountain
0%
Maine Bigrock
0%
New York Big Tupper
0%
Michigan Bittersweet
0%
Michigan Black River Basin
0%
Montana Blacktail Mountain
0%
Massachusetts Blandford
0%
Pennsylvania Blue Marsh
0%
Washington Bluewood
0%
Vermont Bolton Valley
0%
California Boreal Mountain
0%
Massachusetts Bousquet
0%
Pennsylvania Boyce Park
0%
New York Brantling Ski Slopes
0%
New York Bristol Mountain
0%
Vermont Bromley Mountain
0%
Wisconsin Bruce Mound
0%
Idaho Brundage Mountain
0%
New York Buffalo Ski Club
0%
Vermont Burke Mountain
0%
Michigan Caberfae Peaks
0%
Maine Camden Snow Bowl
0%
Wisconsin Camp 10
0%
New Jersey Campgaw Mountain
0%
Michigan Cannonsburg
0%
Wisconsin Cascade Mountain
0%
Vermont Chochran
0%
Wisconsin Christie Mountain
0%
Wisconsin Christman Mountain
0%
Ohio Clear Fork
0%
New York Cockaigne
0%
Minnesota Coffee Mill
0%
Oregon Cooper Spur
0%
California Coppervale
0%
Idaho Cottonwood Butte
0%
Colorado Cuchara Mountain
0%
Wisconsin Devils Head
0%
Nevada Diamond Peak
0%
Montana Discovery
0%
California Dodge Ridge
0%
California Donner Ski Ranch
0%
New York Dry Hill
0%
Pennsylvania Eagle Rock
0%
Maine Eaton Mountain
0%
Utah Elk Meadows
0%
Minnesota Elm Creek
0%
New Mexico Enchanted Forest
0%
Pennsylvania Fernwood
0%
Illinois Four Lakes
0%
New York Four Seasons
0%
Michigan Gladstone Sport Park
0%
Wisconsin Grand Geneva
0%
New Hampshire Granite Gorge
0%
California Granlibakken
0%
South Dakota Great Bear Ski Valley
0%
Montana Great Divide
0%
New York Greek Peak
0%
New Hampshire Gunstock
0%
Michigan Hanson Hills
0%
Vermont Haystack
0%
Maine Hermon Mountain
0%
Colorado Hesperus
0%
Michigan Hickory Hills
0%
New York Hickory Ski Centre
0%
Missouri | New Jersey | Pennsylvania Hidden Valley
0%
Wisconsin Highlands of Olympia
0%
New Jersey High Point
0%
Wyoming Hogadon
0%
New York Holiday Mountain
0%
California Homewood Mountain
0%
North Dakota Huffs Hill
0%
Washington Hurricane Ridge
0%
Minnesota Hyland Ski and Snowboard
0%
Pennsylvania Jack Frost
0%
Michigan Jackson Creek Summit
0%
California June Mountain
0%
Idaho Kelly Canyon
0%
Colorado Kendall Mountain
0%
New Hampshire King Pine
0%
New York Labrador Mountain
0%
Idaho Little Ski Hill
0%
Idaho Lookout Pass
0%
Montana Lost Trail
0%
Maine Lost Valley
0%
Washington Loup Loup
0%
Vermont Lyndon Outgoing Club
0%
Idaho | Vermont Magic Mountain
0%
New York Maple Ski Ridge
0%
Vermont Maple Valley
0%
Michigan Marquette Mountain
0%
Montana Marshall Mountain
0%
Montana Maverick Mountain
0%
New York McCauley Mountain
0%
New Hampshire McIntyre Ski Area
0%
Wyoming Meadowlark Ski Lodge
0%
Vermont Midbury College Snow Bowl
0%
Washington Mission Ridge
0%
Pennsylvania Montage Mountain
0%
Michigan Mont Ripley
0%
Maine Mount Abram
0%
New Jersey Mountain Creek
0%
California Mountain High
0%
Oregon Mount Ashland
0%
California Mount Baldy
0%
Iowa Mount Crescent
0%
Minnesota Mount Frontenac
0%
Michigan Mount Holiday
0%
Michigan Mount Holly
0%
Minnesota Mount Kalo
0%
Wisconsin Mount La Crosse
0%
New York Mount Peter
0%
Pennsylvania Mount Pleasant
0%
Connecticut Mount Southington
0%
Pennsylvania Mount Tone
0%
Michigan Mount Zion
0%
Michigan Mulligan's Hollow
0%
Pennsylvania Mystic Mountain
0%
Maine New Hermon Mountain
0%
Wisconsin Nordic Mountain
0%
Utah Nordic Valley
0%
Michigan Norway Mountain
0%
New York Oak Mountain
0%
Michigan Ostego
0%
Massachusetts Otis Ridge
0%
Idaho Pebble Creek
0%
Michigan Pine Knob
0%
Michigan Pine Mountain
0%
Indiana Pines Peak
0%
Maine Pleasant Mountain
0%
Idaho Pomerelle Mountain
0%
Michigan Porcupine Mountain
0%
Maine Powderhouse
0%
New Hampshire Ragged Mountain
0%
Montana Red Lodge
0%
Iowa Riverside Hills
0%
Montana Rocky Mountain
0%
California Royal Gorge
0%
New York Royal Mountain
0%
Vermont Saskadena Six
0%
North Carolina Scaly Mountain
0%
Idaho Schweitzer Mountain
0%
Iowa Seven Oaks
0%
Michigan Shanty Creek
0%
Pennsylvania Shawnee Mountain
0%
Montana Showdown
0%
Idaho Silver Mountain
0%
Pennsylvania Ski Big Bear
0%
Michigan Ski Brule
0%
Pennsylvania Ski Denton
0%
Pennsylvania Ski Liberty
0%
New York Ski Plattekill
0%
New Mexico Ski Rio
0%
Pennsylvania Ski Roundtop
0%
Pennsylvania Ski Sawmill
0%
Illinois Ski Snowstar
0%
Connecticut Ski Sundown
0%
New York Ski Windham
0%
Michigan Skyline
0%
Wyoming Sleeping Giant
0%
New York Snow Ridge
0%
Michigan Snow Snake Mountain
0%
California Snow Summit
0%
Wyoming Snowy Range
0%
California Soda Springs
0%
Colorado SolVista
0%
New York Song Mountain
0%
Pennsylvania Split Rock
0%
Oregon Spout Springs
0%
Pennsylvania Spring Mountain
0%
Maine Spruce Mountain
0%
New York Sterling Forest Ski Center
0%
Washington Stevens Pass
0%
New Hampshire Storrs Hill
0%
California Stover Mountain
0%
Vermont Stratton Mountain
0%
Michigan Sugarloaf Ski Lodge
0%
Wisconsin Sunburst
0%
Iowa Sundown Mountain
0%
Colorado Sunlight Mountain
0%
Arizona Sunrise Park
0%
New York Swain
0%
Michigan Swiss Valley
0%
Wisconsin Sylvan Mountain
0%
California Tahoe Donner
0%
Idaho Tamarack
0%
Pennsylvania Tanglwood
0%
Montana Teton Pass
0%
Vermont The Quechee Club
0%
Washington The Summit at Snoqualmie
0%
New York Thunder Ridge
0%
Michigan Timber Ridge
0%
Maine Titcomb Mountain
0%
New York Titus Mountain
0%
New York Toggenburg Mountain
0%
Michigan Treetops
0%
Montana Turner Mountain
0%
Pennsylvania Tussey Mountain
0%
New York Tuxedo Ridge Ski Center
0%
Wisconsin Tyrol Basin
0%
Illinois Villa Olivia
0%
Oregon Warner Canyon
0%
Minnesota Welch Village
0%
New York West Mountain
0%
Wisconsin Whitecap Mountain
0%
Washington White Pass Village
0%
Wyoming White Pine
0%
Minnesota Wild Mountain
0%
Oregon Willamette Pass
0%
New York Willard Mountain
0%
Arizona Williams Ski Area
0%
Wisconsin Wilmot Mountain
0%
Connecticut Woodbury
0%
New York Woods Valley
0%
California Yosemite-Badger Pass
0%
No matching quizzes found
Score Distribution
Percent of People with Each Score
Percentile by Number Answered
Your Score History
You have not taken this quiz